| 000 | 00339 a2200121 4500 | ||
|---|---|---|---|
| 020 | _a0131411675 | ||
| 082 | _a620.103 HIB | ||
| 100 | _aHibbeler, R. C. | ||
| 245 |
_aEngineering mechanic:Statics _cR.C. Hibbeler. |
||
| 250 | _a10th ed. | ||
| 260 |
_aUpper Saddle River, NJ : _bPrentice Hall, _cc2004. |
||
| 300 |
_axv, 638 p. : _bcol. ill. ; _c25 cm. |
||
| 650 | _aStatics. | ||
| 999 |
_c768 _d768 |
||